000 00953cpmaa2200265 4500
001 mm 79000524
003 DLC
005 20260227111632.0
008 790403|||||||||||| eng
010 _amm 79000524
040 _aDLC
_cDLC
_edacs
_dDLC
072 7 _aC
_2lcmd
100 1 _aClay, Joseph,
_d1741-1804.
245 0 0 _aJoseph Clay correspondence,
_f1794.
300 _a1
_fitem.
506 0 _aOpen to research.
545 0 _aBusinessman, army officer, and U.S. Continental Congress delegate from Georgia.
546 _aCollection material in English.
580 _aForms part of: Miscellaneous Manuscripts collection.
656 7 _aArmy officers.
_2itoamc
656 7 _aBusinessmen.
_2itoamc
656 7 _aDelegates, U.S. Continental Congress
_zGeorgia.
_2itoamc
999 _c40455
_d40455